| 000 | 00380pab a2200157 454500 | ||
|---|---|---|---|
| 008 | 180718b2014 xxu||||| |||| 00| 0 eng d | ||
| 100 | _aRouth, Supriya | ||
| 245 | _aAn ambitious interpretation of the informal for policy-makers | ||
| 260 | _c2014 | ||
| 300 | _ap.41-44. | ||
| 362 | _aOct | ||
| 650 | _aInformal sector | ||
| 773 | _aYojana | ||
| 908 | _aN | ||
| 909 | _a106199 | ||
| 999 |
_c106194 _d106194 |
||